El gran desconocido: el Espíritu Santo y sus dones

Guardado en:
Detalles Bibliográficos
Autor principal: Royo Marín, Antonio (Autor)
Formato: Libro
Lenguaje:español
Publicado: Madrid Biblioteca de Autores Cristianos 1997
Edición:2a. ed
Colección:Biblioteca de Autores Cristianos. Minor, 29
Materias:
Etiquetas: Agregar Etiqueta
Sin Etiquetas, Sea el primero en etiquetar este registro!

MARC

LEADER 00000cam a2200000 a 4500
001 UCD9433
003 CL-VaPUC
008 170616e19970500sp |||||||||||||||||spa|d
020 |a 8479143037 
020 |a 9788479143039 
082 0 4 |a 248.3  |b ROY  |2 21 
100 0 |a Royo Marín, Antonio  |e author  |9 593132 
245 1 3 |a El gran desconocido: el Espíritu Santo y sus dones 
250 |a 2a. ed 
300 |a 233 p 
942 |c BK 
945 |d 20170616 21:05:00  |a arojas 
260 |a Madrid  |b Biblioteca de Autores Cristianos  |c 1997 
650 7 |a ESPIRITU SANTO  |2 CL-VaPUC  |9 593133 
650 7 |a DONES ESPIRITUALES  |2 CL-VaPUC  |9 313346 
583 |a last modification  |c 20170616 21:05:00  |k Rodrigo Vera 
490 0 |a Biblioteca de Autores Cristianos. Minor, 29 
999 |c 368624  |d 368622 
952 |0 0  |1 0  |3 erd  |4 0  |6 248_300000000000000_ROY_1997  |7 0  |8 A  |9 483992  |a BIBTEO  |b BIBTEO  |i 5398975  |l 1  |m 3  |o 248.3 ROY 1997  |p 5398975  |r 2025-01-17  |s 2024-04-02  |w 2019-11-24  |y BK  |z Catalogado en:20170616  |k ICR